Neodkladná resuscitace

Bibliographic Details
Main Authors: Cvachovec, Karel, 1947- (Author), Cvachovcová, Marie (Author)
Format: Book
Language:Czech
PhysicalDescription:42 s. 29 cm
Published: Brno Institut pro další vzdělávání pracovníků ve zdravotnictví 1992
ISBN:8070131160
Edition:3., dopl. vyd.
Series:Knižnice Institutu pro další vzdělávání lékařů a farmaceutů v Praze

MARC

LEADER 00000nam a2200000 a 4500
001 vtls001134234
003 SK-MaSNL
005 20260318105531.0
008 250414s1992 xr 0 cze
020 |a 8070131160 
035 |a SNK000077086 
040 |a SNK  |b slo  |c SNK  |e AACR2 
041 0 |a cze 
044 |a xr  |c CZ 
080 |a 614.88:615.816(075.9)  |2 1981 
080 |a 615.816(075.9)  |2 1981 
100 1 |a Cvachovec, Karel,  |d 1947-  |4 aut  |9 1634977 
245 1 0 |a Neodkladná resuscitace  |c Karel Cvachovec, Marie Cvachovcová 
250 |a 3., dopl. vyd. 
260 |a Brno  |b Institut pro další vzdělávání pracovníků ve zdravotnictví  |c 1992 
300 |a 42 s.  |c 29 cm 
490 0 |a Knižnice Institutu pro další vzdělávání lékařů a farmaceutů v Praze 
700 1 |a Cvachovcová, Marie  |4 aut  |9 1635008 
852 |a Slovenská národná knižnica 
919 |a 80-7013-116-0 
954 |a resuscitácia neodkladná 
999 |c 708271  |d 710201 
952 |t P60, <04>, [BOOK], {604}  |a SNK  |b SNK  |y VYP  |7 0  |p 17A0053354  |o snkIB 67483  |0 0  |1 0  |4 0  |d 1997-03-10  |l 0  |r 2005-01-01 00:00:00  |w 2026-02-23